|
|
|
|
| LEADER |
00000nam0a2200000 4500 |
| 001 |
25145 |
| 005 |
20231101205642.0 |
| 010 |
|
|
|a 5895940277
|
| 035 |
|
|
|a (RuTPU)RU\TPU\book\25381
|
| 035 |
|
|
|a BOOK00025456
|
| 090 |
|
|
|a 25145
|
| 100 |
|
|
|a 20011209d1999 k y0rusy50 ca
|
| 101 |
0 |
|
|a rus
|
| 102 |
|
|
|a RU
|
| 105 |
|
|
|a y z 000zy
|
| 200 |
1 |
|
|a Малоуглеродистые стали для металлических конструкций
|f П. Д. Одесский, И. И. Ведяков
|
| 210 |
|
|
|a Москва
|c Интермет Инжиниринг
|d 1999
|
| 215 |
|
|
|a 224 с.
|
| 606 |
1 |
|
|a Сталь малоуглеродистая
|x Плавка
|2 stltpush
|3 (RuTPU)RU\TPU\subj\56528
|9 74435
|
| 606 |
1 |
|
|a Стальные конструкции
|x Производство
|2 stltpush
|3 (RuTPU)RU\TPU\subj\56687
|9 74578
|
| 610 |
1 |
|
|a металлургия
|
| 610 |
1 |
|
|a стали
|
| 610 |
1 |
|
|a малоуглеродные стали
|
| 610 |
1 |
|
|a строительные стали
|
| 610 |
1 |
|
|a прочность
|
| 610 |
1 |
|
|a пластичность
|
| 610 |
1 |
|
|a хладостойкость
|
| 610 |
1 |
|
|a коррозийная стойкость
|
| 610 |
1 |
|
|a металлические конструкции
|
| 675 |
|
|
|a 669.18
|v 3
|
| 675 |
|
|
|a 691.714.002
|v 3
|
| 700 |
|
1 |
|a Одесский
|b П. Д.
|g Павел Дмитриевич
|
| 701 |
|
1 |
|a Ведяков
|b И. И.
|g Иван Иванович
|
| 801 |
|
0 |
|a RU
|b 63413507
|c 20011209
|g PSBO
|
| 801 |
|
2 |
|a RU
|b 63413507
|c 20150310
|g PSBO
|
| 942 |
|
|
|c BK
|